| 000 | 01154nam a22002297a 4500 | ||
|---|---|---|---|
| 005 | 20210325175516.0 | ||
| 008 | s2493 th tha d | ||
| 041 | _atha | ||
| 050 | _aPN4400 น254 | ||
| 100 | 0 | _aดำรงราชานุภาพ, สมเด็จพระเจ้าบรมวงศ์เธอ กรมพระยา | |
| 245 | 1 | 0 | _aสาส์นสมเด็จ ภาค 2 ลายพระหัตถ์สมเด็จเจ้าฟ้ากรมพระยานริศรานุวัดดิวงศ์และสมเด็จกรมพระยาดำรงราชานุภาพ |
| 260 | 3 |
_aกรุงเทพฯ : _bกรมศิลปากร, _c2493 |
|
| 300 | _a3 เล่ม | ||
| 650 | 0 | 4 | _aโบราณคดี |
| 650 | 0 | 4 | _aไทย -- ความเป็นอยู่และประเพณี |
| 650 | 0 | 4 | _aไทย -- โบราณวัตถุ |
| 700 | 0 | _aดำรงราชานุภาพ, สมเด็จกรมพระยา | |
| 850 | _aNALT | ||
| 942 |
_cGB _01 |
||
| 997 | _c000000000006949 | ||
| 998 | _aNarumon Suwan | ||
| 999 |
_c6949 _d6949 |
||